000 00876nam a22002297a 4500
005 20240530110448.0
008 150502s2011 ua g 000 p ara d
017 _a2010/21695
_bمصر . دار الكتب المصرية
020 _a9789774950414
040 _aEG-CaGPL
082 0 4 _221
_a811.09\
_bم ن
100 0 _aمحمد عبدالمطلب .
245 1 2 _aالنص المشكل :
_bاو قصيدة النثر /
_cمحمد عبدالمطلب .
250 _aط1.
260 _aالقاهرة :
_bدار العالم العربى ،
_c2011.
300 _a191 ص ؛
_c20 سم .
650 0 4 _aالشعر العربى
_xتاريخ ونقد
_yالعصر الحديث .
650 0 4 _aالشعر العربى
_xدواوين وقصائد.
650 0 4 _aالشعر النثرى
_xتاريخ ونقد .
942 _2ddc
_cBK
999 _c61189
_d61189